A treasury of Biblical quotations (Record no. 6302)
[ view plain ]
| 000 -LEADER | |
|---|---|
| fixed length control field | 01244cam a2200301I 4500 |
| 001 - CONTROL NUMBER | |
| control field | 1194577 |
| 003 - CONTROL NUMBER IDENTIFIER | |
| control field | OCoLC |
| 005 - DATE AND TIME OF LATEST TRANSACTION | |
| control field | 20190116153856.0 |
| 008 - FIXED-LENGTH DATA ELEMENTS--GENERAL INFORMATION | |
| fixed length control field | 750228s1948 nyu i 000 0 eng c |
| 010 ## - LIBRARY OF CONGRESS CONTROL NUMBER | |
| LC control number | 48009181 |
| 035 ## - SYSTEM CONTROL NUMBER | |
| System control number | (OCoLC)1194577 |
| 040 ## - CATALOGING SOURCE | |
| Original cataloging agency | CSU |
| Language of cataloging | eng |
| Transcribing agency | CSU |
| Modifying agency | OCL |
| -- | DRB |
| -- | OCLCG |
| -- | OCLCF |
| -- | OCLCQ |
| -- | OCLCO |
| -- | RCT |
| 050 #4 - LIBRARY OF CONGRESS CALL NUMBER | |
| Classification number | BS432 |
| Item number | .B4 1948 |
| 082 ## - DEWEY DECIMAL CLASSIFICATION NUMBER | |
| Classification number | 220.2 |
| Item number | B533T |
| 100 1# - MAIN ENTRY--PERSONAL NAME | |
| Personal name | Berrey, Lester V., |
| Dates associated with a name | 1907- |
| Relator term | editor |
| 245 12 - TITLE STATEMENT | |
| Title | A treasury of Biblical quotations |
| 250 ## - EDITION STATEMENT | |
| Edition statement | [1st ed.] |
| 260 ## - PUBLICATION, DISTRIBUTION, ETC. | |
| Place of publication, distribution, etc. | Garden City, N.Y., |
| Name of publisher, distributor, etc. | Doubleday, |
| Date of publication, distribution, etc. | 1948 |
| 300 ## - PHYSICAL DESCRIPTION | |
| Extent | viii, 240 pages |
| Dimensions | 22 cm |
| 336 ## - CONTENT TYPE | |
| Content type term | text |
| Content type code | txt |
| Source | rdacontent |
| 337 ## - MEDIA TYPE | |
| Media type term | unmediated |
| Media type code | n |
| Source | rdamedia |
| 338 ## - CARRIER TYPE | |
| Carrier type term | volume |
| Carrier type code | nc |
| Source | rdacarrier |
| 520 ## - SUMMARY, ETC. | |
| Summary, etc. | A thesaurus of the significant pointed passages of Scripture topically classified and so organized for ready reference, that all who seek the desired verse, the pertinent passage, the comforting or instructive Scripture on any subject may find it quickly and easily |
| 630 00 - SUBJECT ADDED ENTRY--UNIFORM TITLE | |
| Uniform title | Bible |
| Form subdivision | Indexes |
| 655 #7 - INDEX TERM--GENRE/FORM | |
| Genre/form data or focus term | Indexes. |
| Source of term | fast |
| Authority record control number or standard number | (OCoLC)fst01423761 |
| 776 08 - ADDITIONAL PHYSICAL FORM ENTRY | |
| Relationship information | Online version: |
| Main entry heading | Berrey, Lester V., 1907- |
| Title | Treasury of Biblical quotations. |
| Edition | [1st ed.]. |
| Place, publisher, and date of publication | Garden City, N.Y., Doubleday, 1948 |
| Record control number | (OCoLC)608915638 |
| 942 ## - ADDED ENTRY ELEMENTS (KOHA) | |
| Source of classification or shelving scheme | Dewey Decimal Classification |
| Koha item type | Books |
| Withdrawn status | Lost status | Source of classification or shelving scheme | Damaged status | Not for loan | Collection code | Home library | Current library | Shelving location | Date acquired | Cost, normal purchase price | Total Checkouts | Full call number | Barcode | Date last seen | Price effective from | Koha item type |
|---|---|---|---|---|---|---|---|---|---|---|---|---|---|---|---|---|
| Dewey Decimal Classification | Non-fiction | Harvest Mission College | Harvest Mission College | General Stacks | 16.01.2019 | 1350.00 | 220.2 B533T | 007476 | 16.01.2019 | 16.01.2019 | Books |
